00666nam a2200193Ia 4500008004100000020001800041082001900059100002000078245007700098250000700175260005000182300002300232500001900255600002000274650002000294942000700314952013400321999001700455240925s9999 xx 000 0 und d a9781107198951 a339.015195 AOY aAoyama, Hideaki 0aMacro-Econophysics: new studies on economic networks and synchronization aNA aNew York:bCambridge University Pressc,2017. a300p.b0fOriginal aIncludes Index aSocial Sciences aSocial Sciences cBK 001040708SSaUITUbUITUd2019-01-04eMulti Line Booksg1438.65l0o339.015195 AOYpQ13250r2024-09-25 07:16:47w2024-09-25yBK c15749d15749